| 000 | 00946nam a2200241 a 4500 | ||
|---|---|---|---|
| 001 | 000041683 | ||
| 005 | 20201002035712.0 | ||
| 008 | 130725s1992 sp a 001 0 spa d | ||
| 020 | _a8400072375 | ||
| 040 |
_aDO-SdBNP _bspa _cBNPHU |
||
| 100 | 1 |
_aBassols de Climent, Mariano _968490 |
|
| 245 | 1 | 0 |
_aFonética latina / _cMariano Bassols de Climent ; con un apéndice sobre fonemática latina por Sebastián Mariner Bigorra. |
| 250 | _a8a. ed. | ||
| 260 |
_aMadrid : _bConsejo Superior de Investigaciones Científicas., _c1992. |
||
| 300 |
_aXXVI, 297 p. ; _c22 cm. |
||
| 490 | 1 |
_aTextos universitarios _v18 |
|
| 500 | _aIncluye referencias bibliográficas y notas al pie de las páginas | ||
| 500 | _aIncluye índice | ||
| 504 | _aBibliografía : p. 264-295 | ||
| 700 | 1 |
_aMariner Bigorra, Sebastián _eed. _968491 |
|
| 710 | 2 |
_aConsejo Superior de Investigaciones Científicas (España) _915178 |
|
| 830 | 0 |
_aTextos universitarios _v18 _91147 |
|
| 999 |
_c41173 _d41173 |
||